LEADER 01899cam a2200361 a 4500 001 991001766659707536 008 120626s2012 paua b 001 0 eng d 020 $a9781608316656 (alk. paper) 035 $ab14067237-39ule_inst 040 $aDip.to Fisica$beng 082 00$a617.7$223 084 $aLC RE46 084 $a617.7 245 00$aWills Eye Institute 5-minute ophthalmology consult /$csenior editors, Joseph I. Maguire, Ann P. Murchison, Edward A. Jaeger 246 3 $aWills Eye Institute five-minute ophthalmology consult 246 30$a5-minute ophthalmology consult 260 $aPhiladelphia :$bWolters Kluwer Health/Lippincott Williams & Wilkins,$cc2012 300 $axxxiv, 726 p. :$bill. ;$c29 cm 490 1 $a5-minute consult 504 $aIncludes bibliographical references and index 520 $a"The Wills Eye Institute 5-Minute Ophthalmology Consult provides a readily accessible and focused compendium of ophthalmic abnormalities that will be useful for students, physicians, and ancillary medical staff. Evidence-based references are included and algorithmic flow diagrams are provided for rapid problem solving. In keeping with the very successful 5-Minute Clinical Consult brand, over 330 topics will be covered, each in a highly formatted 2-page spread"--Provided by publisher 650 4$aEye$xDiseases$vHandbooks, manuals, etc. 650 4$aOphthalmology$vHandbooks, manuals, etc. 700 1 $aMaguire, Joseph I. 700 1 $aMurchison, Ann P. 700 1 $aJaeger, Edward A. 830 0$a5-minute consult 907 $a.b14067237$b28-01-14$c26-06-12 912 $a991001766659707536 945 $aLE006 617.7 MAG$g1$i2006000167048$lle006$op$pE76.66$q-$rl$s- $t0$u0$v0$w0$x0$y.i15428278$z26-06-12 996 $aWills Eye Institute 5-minute ophthalmology consult$9239770 997 $aUNISALENTO 998 $ale006$b26-06-12$cm$da $e-$feng$gpau$h0$i0